Geography Quiz

Random Geography or State Quiz

States with over 50% Gun Ownership Quiz Stats

 Plays Quiz Updated Oct 17, 2017

Also try: Murder Weapons
Challenge
Share
Tweet
Embed
Score 0/6 Timer 02:00
8 Plays Today
% Ownership State % Correct
52.3%Montana
81.1%
53.8%Wyoming
74.8%
56.9%Idaho
73.7%
61.7%Alaska
68.4%
57.9%Arkansas
62.7%
54.2%West Virginia
44.8%

You're not logged in!

Compare scores with friends on all Sporcle quizzes.
Join for Free
OR
Log In

You Might Also Like...

Show Comments

Extras

Top Quizzes Today


Score Distribution

Your Account Isn't Verified!

In order to create a playlist on Sporcle, you need to verify the email address you used during registration. Go to your Sporcle Settings to finish the process.

Report this User

Report this user for behavior that violates our Community Guidelines.

Details: